Five-Letter Asian Countries Quiz Stats

 Plays Quiz Updated Nov 15, 2019

Score 0/7 Timer 01:30
4 Plays Today
% Correct
China
86%
Japan
85.1%
India
84.6%
Yemen
73.7%
Nepal
69.8%
Syria
62.6%
Qatar
54.3%

You're not logged in!

Compare scores with friends on all Sporcle quizzes.
OR
Log In

Sporcle TV

Today on Sporcle TV


Watch our educational content, quiz creation guides, and fun videos on Sporcle TV.

Show Comments

Extras

Top Quizzes Today


Score Distribution

Your Account Isn't Verified!

In order to create a playlist on Sporcle, you need to verify the email address you used during registration. Go to your Sporcle Settings to finish the process.

Report this User

Report this user for behavior that violates our Community Guidelines.

Details: